Normal view
MARC view
- United Kingdom
Entry Corporate Name
001 - CONTROL NUMBER
- control field: 6159
003 - CONTROL NUMBER IDENTIFIER
- control field: OSt
005 - DATE AND TIME OF LATEST TRANSACTION
- control field: 20190806150250.0
008 - FIXED-LENGTH DATA ELEMENTS
- fixed length control field: 150809n| acannaabn |n ana d
040 ## - CATALOGING SOURCE
- Original cataloging agency: OSt
- Transcribing agency: OSt
110 2# - HEADING--CORPORATE NAME
- Corporate name or jurisdiction name as entry element: United Kingdom
- Form subheading: Ministry of Justice HM Courts and Tribunal Service
670 ## - SOURCE DATA FOUND
- Source citation: Proposal on the provision of court and tribunal estate in England and Wales, 2015